Normal view
MARC view
- Hagino, Jun-ichiro itojun
Entry Personal Name
001 - CONTROL NUMBER
- control field: 95809
003 - CONTROL NUMBER IDENTIFIER
- control field: NUST
005 - DATE AND TIME OF LATEST TRANSACTION
- control field: 20220729154843.0
008 - FIXED-LENGTH DATA ELEMENTS
- fixed length control field: 220729|| aca||aabn | a|a d
040 ## - CATALOGING SOURCE
- Original cataloging agency: NUST
- Transcribing agency: NUST
100 ## - HEADING--PERSONAL NAME
- Personal name: Hagino, Jun-ichiro itojun
670 ## - SOURCE DATA FOUND
- Source citation: Work cat.: (NUST)176832: Hagino, Jun-ichiro itojun., IPv6 network programming /, c2005.
